[Event "21st Delhi Open 2025"]
[Site "New Delhi IND"]
[Date "2025.06.10"]
[Round "6.9"]
[White "Pantsulaia, Levan"]
[Black "Gochelashvili, David"]
[Result "1/2-1/2"]
[WhiteTitle "GM"]
[BlackTitle "IM"]
[WhiteElo "2551"]
[BlackElo "2303"]
[WhiteFideId "13602071"]
[BlackFideId "4161203"]
[EventDate "2025.06.07"]

1. c4 c5 2. Nf3 Nc6 3. Nc3 g6 4. e3 Nf6 5. d4 cxd4 6. exd4 d5 7. cxd5 Nxd5 8.
Qb3 Nxc3 9. Bc4 e6 10. bxc3 Bg7 11. Ba3 Bf8 12. Bxf8 Kxf8 13. O-O Kg7 14. Be2 b6
15. Rfd1 Qf6 16. c4 Rd8 17. Qe3 Bb7 18. Rac1 Rac8 19. Qa3 Rd7 20. c5 Rcd8 21. h3
Na5 22. cxb6 axb6 23. Qb2 Bxf3 24. Bxf3 Rxd4 25. Qxb6 Nc4 26. Qc5 Nd2 27. Bc6
Ne4 28. Qc2 Rxd1+ 29. Rxd1 Rxd1+ 30. Qxd1 Qxf2+ 31. Kh1 Ng3+ 32. Kh2 e5 33. Bb5
Nf5 34. a4 Nd4 35. Qd3 f5 36. Qg3 Qxg3+ 37. Kxg3 Kf6 38. Bc4 f4+ 39. Kf2 Ke7 40.
a5 e4 41. a6 e3+ 42. Kf1 Nc6 43. g3 g5 44. h4 h6 45. hxg5 hxg5 46. gxf4 gxf4 47.
Kg2 Kd6 48. Kf3 Ke5 49. Bd3 Nd4+ 50. Kg4 Nc6 51. Kf3 Kd4 52. Bb5 Na7 53. Bf1 Ke5
54. Bc4 Kf5 55. Bd3+ Kg5 56. Be2 Nc6 57. Ke4 Na7 58. Ke5 Nc8 59. Ke4 1/2-1/2

[Event "21st Delhi Open 2025"]
[Site "New Delhi IND"]
[Date "2025.06.10"]
[Round "6.10"]
[White "Nitin, S."]
[Black "Karthik, Venkataraman"]
[Result "1/2-1/2"]
[WhiteTitle "IM"]
[BlackTitle "GM"]
[WhiteElo "2312"]
[BlackElo "2550"]
[WhiteFideId "5018277"]
[BlackFideId "25006479"]
[EventDate "2025.06.07"]

1. e4 c5 2. Nf3 d6 3. d4 cxd4 4. Nxd4 Nf6 5. Nc3 a6 6. Be3 e5 7. Nb3 Be7 8. h3
O-O 9. g4 Be6 10. g5 Nfd7 11. Qd2 a5 12. Bb5 Na6 13. O-O-O Nc7 14. Bxd7 Qxd7 15.
f4 exf4 16. Bxf4 Rfd8 17. Nd4 b5 18. Qg2 b4 19. Nd5 Bxd5 20. exd5 Re8 21. h4 a4
22. Rhf1 Nb5 23. Nxb5 Qxb5 24. Kb1 Rac8 25. Bc1 Bf8 26. Qf3 Rc7 27. h5 Qc4 28.
Qd3 Re2 29. Rf4 Qxd3 30. cxd3 Rb7 31. Re4 Rg2 32. Rde1 f6 33. gxf6 gxf6 34. Rf1
Kf7 35. Be3 Re7 36. Ref4 Kg8 37. Bc1 Bh6 38. Rxb4 Bxc1 39. Rxc1 Rg5 40. Rxa4
Rxd5 41. h6 Kf7 42. Rg4 Rg5 43. Rd4 d5 44. a4 Ra7 45. Rc5 Kg6 46. a5 Kxh6 47.
Rdxd5 Kg6 48. Kc2 h5 49. Rxg5+ fxg5 50. Kd2 h4 51. Ke3 Rb7 52. a6 Rxb2 53. Ra5
Rb8 54. a7 Ra8 55. Kf3 Kf6 56. Kg4 Ke6 57. d4 Kd6 58. d5 Ke5 59. Kh3 Kd6 60. Kg4
Ke5 1/2-1/2

[Event "21st Delhi Open 2025"]
[Site "New Delhi IND"]
[Date "2025.06.10"]
[Round "6.11"]
[White "Karthikeyan, P."]
[Black "Nikitenko, Mihail"]
[Result "0-1"]
[WhiteTitle "GM"]
[BlackTitle "GM"]
[WhiteElo "2271"]
[BlackElo "2520"]
[WhiteFideId "5018226"]
[BlackFideId "13506862"]
[EventDate "2025.06.07"]

1. d4 Nf6 2. c4 e6 3. Nf3 h6 4. g3 Bb4+ 5. Bd2 Be7 6. Bg2 O-O 7. O-O d5 8. Qc2
c6 9. Rd1 a5 10. Bf4 Nbd7 11. Ne5 Nh5 12. Bc1 Nhf6 13. Bf4 Qb6 14. h3 Nh5 15.
Bc1 Nxe5 16. dxe5 Nxg3 17. cxd5 exd5 18. Be3 d4 19. Bxd4 c5 20. Bc3 Bf5 21. e4
Nxe4 22. Qe2 Qg6 23. Kh1 Bh4 24. Be1 Rfe8 25. f4 Bxe1 26. Qxe1 Rad8 27. Na3 Qh5
28. Kg1 Bxh3 29. Bxe4 Qg4+ 30. Kh2 Rxd1 31. Rxd1 Qxf4+ 32. Kxh3 Qxe5 33. Bh7+
Kxh7 34. Qxe5 Rxe5 35. Rd7 Re3+ 0-1

[Event "21st Delhi Open 2025"]
[Site "New Delhi IND"]
[Date "2025.06.10"]
[Round "6.12"]
[White "Aronyak, Ghosh"]
[Black "Mukund Hemant Agarwal"]
[Result "1-0"]
[WhiteTitle "IM"]
[WhiteElo "2510"]
[BlackElo "2173"]
[WhiteFideId "25072846"]
[BlackFideId "25679791"]
[EventDate "2025.06.07"]

1. Nf3 Nf6 2. g3 e6 3. Bg2 d5 4. O-O c5 5. d4 cxd4 6. Nxd4 e5 7. Nf3 Nc6 8. c4
d4 9. e3 Be7 10. exd4 exd4 11. Bf4 O-O 12. Ne5 Be6 13. Bxc6 bxc6 14. Nxc6 Qd7
15. Nxe7+ Qxe7 16. Re1 Qb7 17. Qb3 Qc6 18. Nd2 Rac8 19. Rac1 Nd7 20. Qf3 Nc5 21.
Qxc6 Rxc6 22. Nf3 Nd3 23. Nxd4 Ra6 24. Nxe6 fxe6 25. a3 Nxe1 26. Rxe1 Rc8 27.
Rc1 Rac6 28. b3 a5 29. a4 Rd8 30. Rc3 Rd1+ 31. Kg2 Kf7 32. Kf3 Kf6 33. Ke2 Rh1
34. h4 e5 35. Bd2 Rb1 36. Rf3+ Ke6 37. Bxa5 Rb2+ 38. Kf1 Rb1+ 39. Kg2 Rb2 40.
Re3 g6 41. Be1 Rc8 42. a5 Ra2 43. Bc3 Rf8 44. Rxe5+ Kd6 45. Rd5+ Kc6 46. Bd4 Rf5
47. Rxf5 gxf5 48. b4 Ra4 49. b5+ Kd7 50. a6 Rxc4 51. b6 Rb4 52. a7 1-0

[Event "21st Delhi Open 2025"]
[Site "New Delhi IND"]
[Date "2025.06.10"]
[Round "6.13"]
[White "Sherla Prathamesh"]
[Black "Sriram Adarsh Uppala"]
[Result "1/2-1/2"]
[WhiteTitle "CM"]
[WhiteElo "2259"]
[BlackElo "2460"]
[WhiteFideId "25966987"]
[BlackFideId "33319782"]
[EventDate "2025.06.07"]

1. Nf3 d5 2. b3 c6 3. Bb2 h6 4. g3 Bf5 5. Bg2 Nf6 6. O-O e6 7. d3 Be7 8. Nbd2 a5
9. a3 O-O 10. Re1 Bh7 11. Ne5 c5 12. c4 Qc7 13. cxd5 Nxd5 14. Rc1 Bf6 15. e4 Nc3
16. Bxc3 Bxe5 17. d4 cxd4 18. Bb4 axb4 19. Rxc7 Bxc7 20. axb4 Bd6 21. e5 Bxb4
22. Be4 Bxe4 23. Rxe4 Nc6 24. Nf3 Rfd8 25. Qd3 Rd5 26. g4 g6 27. Kg2 Bc3 28. h4
b5 29. Rf4 Nb4 30. Qe4 Ra7 31. h5 g5 32. Rf6 Kg7 33. Rxe6 Rdd7 34. Rg6+ fxg6 35.
Qxg6+ Kh8 36. Qxh6+ Kg8 37. Qe6+ Rf7 38. Qe8+ Rf8 39. Qe6+ Kh8 40. Qh6+ Kg8 41.
Qe6+ Raf7 42. Nxg5 Nd3 43. Qg6+ Rg7 44. Qe6+ 1/2-1/2

[Event "21st Delhi Open 2025"]
[Site "New Delhi IND"]
[Date "2025.06.10"]
[Round "6.14"]
[White "Ahaz E U"]
[Black "Sanikidze, Tornike"]
[Result "1/2-1/2"]
[BlackTitle "GM"]
[WhiteElo "2178"]
[BlackElo "2425"]
[WhiteFideId "33452911"]
[BlackFideId "13602608"]
[EventDate "2025.06.07"]

1. d4 Nf6 2. Nf3 g6 3. c4 Bg7 4. Nc3 c5 5. d5 O-O 6. e4 d6 7. Be2 e6 8. O-O exd5
9. cxd5 Bg4 10. Bf4 Re8 11. Qc2 Na6 12. Bxa6 bxa6 13. Nd2 Nh5 14. Be3 Bd7 15.
Rfe1 Rb8 16. Rab1 f5 17. f3 Bd4 18. Nc4 Bb5 19. Nxb5 axb5 20. Bxd4 cxd4 21. Nd2
Nf4 22. Nb3 fxe4 23. fxe4 Rc8 24. Qd2 Qg5 25. Kh1 d3 26. Rbc1 Qg4 27. Rc6 Nh5
28. Qxd3 Qxg2+ 29. Kxg2 Nf4+ 30. Kg3 Nxd3 31. Re2 Rcd8 32. Rc7 Re5 33. Nd4 Nc5
34. Nc6 Rxe4 35. Rxe4 Nxe4+ 36. Kf4 Re8 37. Rd7 a6 38. b4 Nf6 39. Rxd6 Kg7 40.
Ne5 Rc8 41. Ke3 Rc1 42. Nd3 Rc4 43. a3 Re4+ 44. Kf3 Rd4 45. Nf4 Kf7 46. h4 a5
47. bxa5 Ra4 48. a6 Rxa3+ 49. Ke2 Ne4 50. Rb6 Nc5 51. Rxb5 Nxa6 52. d6 Ke8 53.
Rb7 Nc5 54. Rxh7 Ra6 55. Re7+ Kd8 56. Re5 Nd7 57. Re6 Ra4 58. Nxg6 Nc5 59. Re5
Ne4 60. h5 Nxd6 61. h6 Ra2+ 62. Kf1 Rh2 63. Rd5 Kc7 64. Rc5+ Kb6 65. Rd5 Nf7 66.
Nf4 Rxh6 67. Nd3 Rd6 68. Rxd6+ Nxd6 1/2-1/2

[Event "21st Delhi Open 2025"]
[Site "New Delhi IND"]
[Date "2025.06.10"]
[Round "6.15"]
[White "Deepan, Chakkravarthy J."]
[Black "Abhishek, Kelkar"]
[Result "1/2-1/2"]
[WhiteTitle "GM"]
[BlackTitle "IM"]
[WhiteElo "2410"]
[BlackElo "2170"]
[WhiteFideId "5011132"]
[BlackFideId "5019257"]
[EventDate "2025.06.07"]

1. Nf3 Nf6 2. c4 c6 3. b3 d5 4. Bb2 Bf5 5. e3 e6 6. Be2 h6 7. O-O Be7 8. a3 a5
9. Ne5 Nbd7 10. f4 Bh7 11. Nc3 O-O 12. Bf3 Ne4 13. Nxe4 dxe4 14. Nxd7 Qxd7 15.
Be2 Rfd8 16. Bc3 c5 17. Ra2 Bf6 18. Bxf6 gxf6 19. Qa1 Qe7 20. Qc3 Rd7 21. Rb2
Bg6 22. Rfb1 Ra7 23. h3 e5 24. g3 exf4 25. gxf4 f5 26. Kh2 Ra6 27. Rg1 Qd8 28.
Rg2 Rad6 29. Bf1 Kh7 30. b4 axb4 31. axb4 cxb4 32. Qxb4 Bh5 33. Qc5 Bf3 34.
Qxf5+ Rg6 35. d4 Bxg2 36. Rxg2 Re7 37. c5 Kg7 38. Bc4 Qa5 39. Rxg6+ fxg6 40. Qg4
b5 41. cxb6 Qd2+ 42. Qe2 Qxe2+ 43. Bxe2 1/2-1/2

[Event "21st Delhi Open 2025"]
[Site "New Delhi IND"]
[Date "2025.06.10"]
[Round "6.16"]
[White "Gaikwad Manas"]
[Black "Davtyan, Arsen"]
[Result "1/2-1/2"]
[BlackTitle "IM"]
[WhiteElo "2232"]
[BlackElo "2402"]
[WhiteFideId "25912410"]
[BlackFideId "13309315"]
[EventDate "2025.06.07"]

1. e4 e5 2. Nf3 Nc6 3. Bc4 Bc5 4. c3 Nf6 5. d3 d6 6. b4 Bb6 7. a4 a5 8. b5 Ne7
9. Nbd2 O-O 10. O-O Ng6 11. d4 Bg4 12. Qc2 Re8 13. h3 Be6 14. Re1 Qc8 15. Bf1 c6
16. dxe5 Nxe5 17. Nxe5 dxe5 18. Nc4 Bxc4 19. Bxc4 cxb5 20. Bxb5 Rd8 21. Qb3 Rd6
22. Bg5 Qc5 23. Re2 Rc8 24. Rc1 h6 25. Bxf6 Rxf6 26. Rcc2 Rd8 27. Rb2 Qc7 28.
Kh2 Bc5 29. Bc4 b6 30. Bd5 Qe7 31. Rbd2 Rdd6 32. Qa2 Rf4 33. Bc4 Rg6 34. Rd3 Rd6
35. Rxd6 Qxd6 36. Rd2 Qf6 37. Rd7 Qg6 38. Rd2 Rf6 39. Qb2 Qg5 40. Qa2 Kh7 41. g3
Rf3 1/2-1/2

[Event "21st Delhi Open 2025"]
[Site "New Delhi IND"]
[Date "2025.06.11"]
[Round "7.1"]
[White "Savchenko, Boris"]
[Black "Narayanan, S.L."]
[Result "1/2-1/2"]
[WhiteTitle "GM"]
[BlackTitle "GM"]
[WhiteElo "2456"]
[BlackElo "2600"]
[WhiteFideId "4147332"]
[BlackFideId "5058422"]
[EventDate "2025.06.07"]

1. e4 e5 2. Nf3 Nc6 3. Bb5 a6 4. Ba4 Nf6 5. O-O Be7 6. d3 b5 7. Bb3 d6 8. a4 Bd7
9. axb5 axb5 10. Rxa8 Qxa8 11. Nc3 Na5 12. Ba2 b4 13. Nd5 Nxd5 14. Bxd5 c6 15.
Ba2 Nb7 16. Bc4 Na5 17. Ba2 Nb7 18. Bc4 Na5 19. Ba2 1/2-1/2

[Event "21st Delhi Open 2025"]
[Site "New Delhi IND"]
[Date "2025.06.11"]
[Round "7.2"]
[White "Paichadze, Luka"]
[Black "Petrosyan, Manuel"]
[Result "1/2-1/2"]
[WhiteTitle "GM"]
[BlackTitle "GM"]
[WhiteElo "2529"]
[BlackElo "2541"]
[WhiteFideId "13602934"]
[BlackFideId "13300857"]
[EventDate "2025.06.07"]

1. e4 e5 2. Nf3 Nc6 3. Bb5 a6 4. Bxc6 dxc6 5. O-O Qf6 6. d4 exd4 7. Bg5 Qd6 8.
Nxd4 Be7 9. Be3 Nf6 10. f3 c5 11. Ne2 Be6 12. Nbc3 O-O-O 13. Qxd6 cxd6 14. Nf4
d5 15. exd5 Nxd5 16. Nfxd5 Bxd5 17. Na4 Bf6 18. Bxc5 b5 19. Nc3 Bxc3 20. bxc3
Bc4 21. Rfe1 Rhe8 22. a3 g6 23. Bd4 Rxe1+ 24. Rxe1 Kd7 25. Kf2 Re8 26. Be3 Re6
27. g4 f6 28. h4 a5 29. h5 g5 30. Rd1+ Ke8 31. Rd4 a4 32. f4 h6 33. Rd2 Rc6 34.
Kg3 Re6 35. Kf3 Rc6 36. Bd4 Re6 37. Bc5 Rc6 38. Bd6 Be6 39. f5 Rxc3+ 40. Kf2 Ba2
41. Bb4 Rc7 42. c3 Bb3 43. Rd6 Kf7 44. Ba5 Rc4 45. Kg3 Ke7 46. Rd2 Rc6 47. Bb4+
Ke8 48. Re2+ Kf7 49. Re7+ Kg8 50. Rd7 Bc2 51. Rd2 Bb3 52. Rd8+ Kf7 53. Rd7+ Kg8
54. Kf3 Bc2 55. Rd2 Bb3 56. Ba5 Kf7 57. Rd7+ Ke8 58. Rd8+ Kf7 59. Ke2 Rc4 60.
Rd7+ Ke8 61. Rh7 Rxg4 62. Rxh6 Rh4 63. Rxf6 Rxh5 64. Bb4 g4 65. Rg6 Rxf5 66.
Rxg4 1/2-1/2

[Event "21st Delhi Open 2025"]
[Site "New Delhi IND"]
[Date "2025.06.11"]
[Round "7.3"]
[White "Gupta, Abhijeet"]
[Black "Gharibyan, Mamikon"]
[Result "1-0"]
[WhiteTitle "GM"]
[BlackTitle "GM"]
[WhiteElo "2538"]
[BlackElo "2472"]
[WhiteFideId "5010608"]
[BlackFideId "13308300"]
[EventDate "2025.06.07"]

1. d4 Nf6 2. c4 e6 3. Nf3 d5 4. Nc3 Bb4 5. e3 O-O 6. Bd2 Nbd7 7. Rc1 Be7 8. Bd3
dxc4 9. Bxc4 c5 10. O-O b6 11. Qe2 Bb7 12. Rfd1 a6 13. a4 Bd6 14. Be1 cxd4 15.
Nxd4 Qe7 16. f3 Ne5 17. Ba2 Rfd8 18. Bf2 Rac8 19. h3 Bb8 20. f4 Ng6 21. Bc4 e5
22. Nf5 Qb4 23. Be1 Qf8 24. Bxa6 Bxa6 25. Qxa6 exf4 26. Bf2 h6 27. Qxb6 Rxd1+
28. Rxd1 Bc7 29. Qb7 fxe3 30. Bxe3 Be5 31. a5 Rb8 32. Qc6 Rxb2 33. a6 Bxc3 34.
Qxc3 Ra2 35. Qc7 Kh7 36. a7 Qe8 37. Qb7 Nh4 38. Nxh4 Qxe3+ 39. Kh1 Ne4 40. Qb1
Rxa7 41. Re1 Rb7 42. Qxe4+ Qxe4 43. Rxe4 g6 44. Nf3 Kg7 45. Kg1 Rc7 46. Rd4 Kf6
47. Kf2 Ra7 48. Ke3 Ke6 49. Rh4 Ra3+ 50. Kf2 Ra2+ 51. Kg3 h5 52. Rf4 f6 53. Rb4
g5 54. h4 Ra3 55. Rb6+ Kf7 56. Kh2 Ra5 57. Rc6 Rd5 58. Kg3 Rd3 59. Kf2 g4 60.
Ne1 Rd5 61. Rc3 Rd2+ 62. Ke3 Ra2 63. Rc5 Ra3+ 64. Nd3 Kg6 65. Rd5 Kh6 66. Ke4
Ra4+ 67. Kf5 Ra6 68. Nf4 Rb6 69. g3 Ra6 70. Rb5 Rc6 71. Ke4 1-0

[Event "21st Delhi Open 2025"]
[Site "New Delhi IND"]
[Date "2025.06.11"]
[Round "7.4"]
[White "Ghosh, Diptayan"]
[Black "Aleksandrov, Aleksej"]
[Result "1/2-1/2"]
[WhiteTitle "GM"]
[BlackTitle "GM"]
[WhiteElo "2573"]
[BlackElo "2370"]
[WhiteFideId "5045207"]
[BlackFideId "13500139"]
[EventDate "2025.06.07"]

1. Nf3 Nf6 2. g3 b5 3. Bg2 Bb7 4. O-O e6 5. b3 c5 6. c4 bxc4 7. bxc4 Nc6 8. Nc3
Rb8 9. d3 Be7 10. Bf4 d6 11. Rb1 Ba8 12. Qa4 O-O 13. Rxb8 Qxb8 14. Rb1 Qc8 15.
Nd2 h6 16. Nde4 Nxe4 17. Bxe4 Rd8 18. Bg2 Bg5 19. Bxg5 hxg5 20. Qd1 g4 21. Qd2
f5 22. Qg5 Re8 23. Bxc6 Bxc6 24. e4 Qd7 25. Qf4 Rf8 26. exf5 exf5 27. Re1 Re8
28. Rxe8+ Qxe8 29. Kf1 Qe6 30. Qe3 Qf6 31. Nd5 1/2-1/2

[Event "21st Delhi Open 2025"]
[Site "New Delhi IND"]
[Date "2025.06.11"]
[Round "7.5"]
[White "Sivuk, Vitaly"]
[Black "Alekhya, Mukhopadhyay"]
[Result "1-0"]
[WhiteTitle "GM"]
[WhiteElo "2522"]
[BlackElo "2192"]
[WhiteFideId "14116502"]
[BlackFideId "25600826"]
[EventDate "2025.06.07"]

1. d4 f5 2. Nf3 Nf6 3. Bg5 e6 4. Nbd2 d5 5. e3 c5 6. c4 Nc6 7. cxd5 exd5 8. dxc5
Bxc5 9. Rc1 Be7 10. Bb5 Qb6 11. Qb3 O-O 12. O-O Na5 13. Qd3 a6 14. Ba4 Be6 15.
Qd4 Bd8 16. Nb3 Nc4 17. Qxb6 Bxb6 18. Nbd4 Kf7 19. b3 Nd6 20. Ne5+ Ke7 21. Nxe6
Kxe6 22. Bxf6 Rxf6 23. Nd7 Bd8 24. Nxf6 Bxf6 25. b4 Bb2 26. Rc7 b5 27. Bb3 Nc4
28. Rd1 Bc3 29. Rc6+ Kd7 30. Bxc4 1-0

[Event "21st Delhi Open 2025"]
[Site "New Delhi IND"]
[Date "2025.06.11"]
[Round "7.6"]
[White "Nikitenko, Mihail"]
[Black "Fedorov, Alexei"]
[Result "1-0"]
[WhiteTitle "GM"]
[BlackTitle "GM"]
[WhiteElo "2520"]
[BlackElo "2370"]
[WhiteFideId "13506862"]
[BlackFideId "13500465"]
[EventDate "2025.06.07"]

1. d4 Nf6 2. Nf3 g6 3. Nbd2 Bg7 4. e4 d6 5. Bb5+ Nfd7 6. O-O a6 7. Be2 O-O 8.
Re1 Nc6 9. Nf1 e5 10. c3 Qe7 11. Ng3 b6 12. a4 Bb7 13. Bg5 f6 14. Be3 Kh8 15.
Qc2 a5 16. Bb5 Nd8 17. b4 Nf7 18. bxa5 Rxa5 19. Nd2 c6 20. Bf1 Rfa8 21. Nc4 R5a6
22. dxe5 fxe5 23. a5 b5 24. Nb6 Nxb6 25. Bxb6 h5 26. c4 h4 27. Nh1 h3 28. cxb5
hxg2 29. Kxg2 cxb5 30. Bxb5 Qh4 31. Bxa6 Ng5 32. Ra3 Rxa6 33. Ng3 Ra8 34. Qc7
Bc8 35. Qxd6 Bg4 36. Ree3 Rc8 37. Qd2 Bh6 38. Qb2 Ne6 39. Kg1 Bxe3 40. Bxe3 Qh3
41. Bf4 Rd8 42. Nf1 Rd3 43. Bxe5+ Kh7 44. Qb8 1-0

[Event "21st Delhi Open 2025"]
[Site "New Delhi IND"]
[Date "2025.06.11"]
[Round "7.7"]
[White "Nguyen, Duc Hoa"]
[Black "Aronyak, Ghosh"]
[Result "0-1"]
[WhiteTitle "GM"]
[BlackTitle "IM"]
[WhiteElo "2378"]
[BlackElo "2510"]
[WhiteFideId "12401358"]
[BlackFideId "25072846"]
[EventDate "2025.06.07"]

1. e4 c6 2. d4 d5 3. e5 Bf5 4. h4 h5 5. c3 e6 6. Nf3 c5 7. Qa4+ Nc6 8. Be3 Qb6
9. b3 Nh6 10. Nbd2 Ng4 11. Be2 Nxe3 12. fxe3 f6 13. O-O a6 14. Kh1 O-O-O 15. b4
c4 16. Rae1 fxe5 17. e4 Bg6 18. dxe5 Be7 19. Bd1 Rhf8 20. Bc2 Be8 21. Qa3 a5 22.
bxa5 Qb5 23. Qc1 Qxa5 24. Qb2 Qc7 25. exd5 exd5 26. Qb1 Qa5 27. Bf5+ Kb8 28. Qc2
d4 29. Qe4 dxc3 30. Nxc4 Qd5 31. Ne3 Qxe4 32. Bxe4 Rf4 33. Nf5 Bg6 34. Nxe7 Bxe4
35. Nxc6+ Bxc6 36. e6 c2 37. Rc1 Rd1 38. Kg1 Ba4 39. Re1 Re4 40. Rf1 Rxe6 41.
Kf2 Rb6 42. Ng1 Rb1 43. Ne2 Bb5 0-1

[Event "21st Delhi Open 2025"]
[Site "New Delhi IND"]
[Date "2025.06.11"]
[Round "7.8"]
[White "Samant, Aditya S"]
[Black "Tologon tegin, Semetei"]
[Result "1/2-1/2"]
[WhiteTitle "GM"]
[BlackTitle "IM"]
[WhiteElo "2498"]
[BlackElo "2322"]
[WhiteFideId "35080580"]
[BlackFideId "13800574"]
[EventDate "2025.06.07"]

1. e4 e6 2. d4 d5 3. Nc3 Bb4 4. e5 c5 5. a3 Bxc3+ 6. bxc3 Nc6 7. Qg4 g6 8. h4 h6
9. h5 g5 10. f4 Qa5 11. Bd2 f5 12. Qg3 g4 13. c4 Qa4 14. dxc5 dxc4 15. Qc3 b5
16. cxb6 Ba6 17. Ne2 Nge7 18. Qb2 Nd5 19. Nc3 Nxc3 20. Qxc3 axb6 21. g3 Kf7 22.
Bg2 Rhd8 23. Be3 Rab8 24. O-O Ne7 25. Rfd1 Rxd1+ 26. Rxd1 Bb7 27. Bxb7 Rxb7 28.
Rd6 Nd5 29. Rxd5 exd5 30. e6+ Kxe6 31. Qe5+ Kd7 32. Qxf5+ Kc7 33. Qe5+ Kc8 34.
f5 Rd7 35. f6 d4 36. Bf4 Kb7 37. Qb8+ Ka6 38. Qc8+ Rb7 39. f7 Qxc2 40. f8=Q Qd1+
41. Kf2 Qf3+ 42. Ke1 Qh1+ 43. Kd2 Qg2+ 44. Kc1 Qf1+ 45. Kc2 Qd3+ 46. Kc1 Qf1+
47. Kb2 Qe2+ 48. Kb1 Qd3+ 49. Ka2 Qb3+ 50. Ka1 Qd1+ 51. Ka2 Qc2+ 1/2-1/2

[Event "21st Delhi Open 2025"]
[Site "New Delhi IND"]
[Date "2025.06.11"]
[Round "7.9"]
[White "Bivor Adak"]
[Black "Neelash, Saha"]
[Result "0-1"]
[BlackTitle "IM"]
[WhiteElo "2099"]
[BlackElo "2456"]
[WhiteFideId "33394440"]
[BlackFideId "5094160"]
[EventDate "2025.06.07"]

1. e4 a6 2. d4 c6 3. Nf3 d5 4. Nc3 Bg4 5. Be3 e6 6. h3 Bh5 7. a3 Nf6 8. Bd3 Bg6
9. e5 Nfd7 10. O-O c5 11. dxc5 Bxc5 12. Bxc5 Nxc5 13. Bxg6 hxg6 14. Qd4 Ncd7 15.
Rfe1 Nc6 16. Qf4 Rh5 17. g4 g5 18. Qg3 Rh6 19. Rad1 Qe7 20. b4 Nf8 21. b5 Na5
22. bxa6 bxa6 23. Ne2 Ng6 24. Ned4 Kf8 25. Rb1 Kg8 26. Rb4 Rf8 27. Rb6 Qa7 28.
Rb4 Nc4 29. c3 a5 30. Rb3 Qe7 31. a4 Rc8 32. Reb1 Nf4 33. h4 f6 34. Rb7 Rc7 35.
Rxc7 Qxc7 36. hxg5 fxg5 37. Nxg5 Qxe5 38. Ngf3 Qc7 39. g5 Rh3 40. Qg4 Ne5 41.
Nxe5 Qxe5 42. Nf3 Qc7 43. Nd4 e5 44. Ne2 Nxe2+ 45. Qxe2 e4 46. Qg4 Qh2+ 47. Kf1
Rf3 48. Rb2 Kh7 49. c4 Rf4 50. Qg2 Qh5 51. g6+ Kh6 52. Ke1 Rg4 53. Qf1 d4 54.
Rb8 Kxg6 55. c5 Qxc5 56. Qa6+ Kh7 57. Qc8 Rg1+ 58. Kd2 Qg5+ 0-1

[Event "21st Delhi Open 2025"]
[Site "New Delhi IND"]
[Date "2025.06.11"]
[Round "7.10"]
[White "Sharnarthi Viresh"]
[Black "Pantsulaia, Levan"]
[Result "1-0"]
[BlackTitle "GM"]
[WhiteElo "2236"]
[BlackElo "2551"]
[WhiteFideId "25978055"]
[BlackFideId "13602071"]
[EventDate "2025.06.07"]

1. d4 Nf6 2. c4 c5 3. d5 e6 4. Nc3 exd5 5. cxd5 d6 6. Nf3 g6 7. g3 Bg7 8. Bg2
O-O 9. O-O Re8 10. Bf4 Na6 11. Re1 Bg4 12. h3 Bxf3 13. Bxf3 Nd7 14. Qc1 Ne5 15.
Bg2 f5 16. h4 Qd7 17. h5 b5 18. Bh3 Qb7 19. a4 b4 20. Nb5 Rad8 21. Bg5 Rd7 22.
f4 Nf7 23. e4 fxe4 24. Be6 Nb8 25. hxg6 hxg6 26. Qc4 a6 27. Qxe4 Kf8 28. Qxg6
axb5 29. Bxf7 Rxe1+ 30. Rxe1 Rxf7 31. Qxd6+ Kg8 32. Re8+ Rf8 33. Re7 Bd4+ 34.
Kf1 Qa6 35. Qxa6 Nxa6 36. axb5 Nb8 37. b3 Rf7 38. Re8+ Rf8 39. Re7 Rf7 40. Ke2
Nd7 41. Kd3 Nb6 42. Rxf7 Kxf7 43. Bd8 Nxd5 44. b6 Nxb6 45. Bxb6 Bf2 46. Ke4 Bxg3
47. Bxc5 Be1 48. Bd4 Ke6 49. f5+ Kf7 50. Kd5 Bd2 51. Kc4 Be1 52. Kb5 Bd2 53. Ka5
Bc3 54. Bc5 Kf6 55. Bxb4 Bb2 56. Bd2 Ba3 57. Ka4 Bd6 58. Bb4 Bf4 59. Bc3+ Kxf5
60. b4 Ke6 61. Ka5 Kd7 62. Ka6 Kc8 63. Bd4 Bc7 64. b5 Bd8 65. Be5 Kd7 66. Kb7
Bg5 67. Bd4 Be7 68. Be3 Bf6 69. Bd2 Be5 70. Ka6 Bd4 71. Kb7 Bf2 72. Bf4 Bd4 73.
Bg3 Be3 74. Bb8 Bd4 75. Ka6 Be3 76. Ba7 Bf4 77. b6 Be5 78. b7 Bf4 79. Be3 Bb8
80. Kb6 Ke7 81. Kc6 Ke6 82. Bb6 Ke7 83. Bc7 Ba7 84. Bg3 Ke6 85. Kc7 Kd5 86. Kc8 1-0

[Event "21st Delhi Open 2025"]
[Site "New Delhi IND"]
[Date "2025.06.11"]
[Round "7.11"]
[White "Karthik, Venkataraman"]
[Black "Aarav Sinha"]
[Result "1/2-1/2"]
[WhiteTitle "GM"]
[BlackTitle "FM"]
[WhiteElo "2550"]
[BlackElo "2255"]
[WhiteFideId "25006479"]
[BlackFideId "25674064"]
[EventDate "2025.06.07"]

1. d4 Nf6 2. Bg5 d5 3. Nd2 Nbd7 4. Ngf3 e6 5. e3 Be7 6. Bd3 O-O 7. c3 c5 8. Ne5
Nxe5 9. dxe5 Nd7 10. Bf4 Qe8 11. Qb1 h6 12. Nf3 f5 13. h4 c4 14. Bc2 Nc5 15. h5
b5 16. Nd4 a5 17. g4 fxg4 18. Qd1 Nd3+ 19. Bxd3 cxd3 20. Qxg4 Qf7 21. O-O-O Kh8
22. Nxb5 Rb8 23. Nd4 Bc5 24. Rxd3 Ba6 25. Rd2 Bxd4 26. cxd4 Rfc8+ 27. Kb1 a4 28.
Qg6 Qe7 29. Rc1 Rxc1+ 30. Kxc1 a3 31. b3 Qb4 32. Kd1 Qc3 33. Qc2 Qa5 34. Qc5 Rb5
35. Qc6 Rxb3 36. Qe8+ Kh7 37. Qg6+ Kh8 38. axb3 a2 39. Rxa2 Qxa2 40. Qc2 Qa1+
41. Kd2 Qa5+ 42. Qc3 Qa2+ 43. Qc2 Qa5+ 44. Qc3 Qa2+ 45. Kc1 Qxf2 1/2-1/2

[Event "21st Delhi Open 2025"]
[Site "New Delhi IND"]
[Date "2025.06.11"]
[Round "7.12"]
[White "Sriram Adarsh Uppala"]
[Black "Gaikwad Manas"]
[Result "1-0"]
[WhiteElo "2460"]
[BlackElo "2232"]
[WhiteFideId "33319782"]
[BlackFideId "25912410"]
[EventDate "2025.06.07"]

1. d4 Nf6 2. c4 g6 3. Nc3 Bg7 4. e4 d6 5. h3 O-O 6. Be3 e5 7. d5 Nbd7 8. g4 Nc5
9. f3 a5 10. Qd2 Ne8 11. Nge2 f5 12. gxf5 gxf5 13. Rg1 Kh8 14. O-O-O f4 15. Bf2
Bf6 16. Qe1 Ng7 17. Kb1 Bd7 18. Nb5 b6 19. Nec3 Rc8 20. Na7 Ra8 21. Ncb5 Qb8 22.
Nc6 Qb7 23. Nc3 Bxc6 24. dxc6 Qxc6 25. Nd5 Bd8 26. h4 Qd7 27. h5 Nxh5 28. Rh1
Qf7 29. Bh3 Ng7 30. Bg4 c6 31. Nc3 Be7 32. Qe2 Rg8 33. Rh6 Ne8 34. Bxc5 bxc5 35.
Be6 Qg7 36. Rdh1 Nf6 37. Qh2 Rab8 38. Bf5 Rgd8 39. Rg1 Qxh6 40. Qxh6 Rg8 41. Rh1
Rg7 42. Nd1 Rbg8 43. Nf2 Rg1+ 44. Rxg1 Rxg1+ 45. Kc2 Rg2 46. Qh4 Kg7 47. Kd3 h5
48. Qh1 Rg5 49. Ke2 Kh6 50. Qe1 Bd8 51. Qd1 d5 52. Qa4 dxe4 53. fxe4 Rg3 54.
Qxc6 f3+ 55. Kf1 Kg5 56. Qd6 1-0